[Event "Alba Iulia Romania 100 op"]
[Site "Alba Iulia"]
[Date "2018.11.14"]
[Round "4"]
[White "Svetushkin, Dmitry"]
[Black "Miron, Ionel"]
[Result "1-0"]
[WhiteElo "2605"]
[BlackElo "2075"]
[PlyCount "51"]
[EventDate "2018.11.12"]
[EventType "swiss"]
[EventRounds "9"]
[EventCountry "ROU"]
[SourceTitle "CBM 187 Extra"]
[Source "ChessBase"]
[SourceDate "2018.11.04"]
[SourceVersion "1"]
[SourceVersionDate "2018.11.04"]
[SourceQuality "1"]

1. d4 d5 2. c4 dxc4 3. e4 c5 4. d5 Nf6 5. Nc3 b5 6. Bf4 Qa5 7. Qc2 g6 8. Nf3 Bg7 9. Be2 Nxe4 10. Be5 Bxe5 11. Nxe5 Nxc3 12. bxc3 0-0 13. 0-0 Bb7 14. Bf3 Qc7 15. Rfe1 Nd7 16. Ng4 Nb6 17. Re5 f6 18. d6 exd6 19. Re6 Bxf3 20. gxf3 f5 21. Rae1 fxg4 22. Re7 Qc6 23. Rxh7 Rf5 24. Ree7 Qxf3 25. Qd2 Nd5 26. Rh8+ 1-0

[Event "Romanian op"]
[Site "Alba Iulia"]
[Date "2016.03.23"]
[Round "9"]
[White "Miron, Ionel"]
[Black "Patrascu, Catalin Lucian"]
[Result "0-1"]
[WhiteElo "2077"]
[BlackElo "2234"]
[PlyCount "120"]
[EventDate "2016.03.16"]
[EventType "swiss"]
[EventRounds "9"]
[EventCountry "ROU"]
[SourceTitle "CBM 171 Extra"]
[Source "ChessBase"]
[SourceDate "2016.04.26"]
[SourceVersion "1"]
[SourceVersionDate "2016.04.26"]
[SourceQuality "1"]

1. d4 d5 2. c4 dxc4 3. e4 Nf6 4. e5 Nd5 5. Bxc4 Nb6 6. Bb3 Nc6 7. Nf3 Bg4 8. Bxf7+ Kxf7 9. Ng5+ Ke8 10. Qxg4 Qxd4 11. Qe2 Qxe5 12. Be3 Nd5 13. Nf3 Qh5 14. 0-0 g6 15. Bg5 h6 16. Bh4 Bg7 17. Re1 g5 18. Qb5 Nb6 19. Bg3 a6 20. Qe2 g4 21. Ne5 Nxe5 22. Bxe5 Bxe5 23. Qxe5 Qxe5 24. Rxe5 Nd7 25. Re3 Nf6 26. Nc3 Rd8 27. Rae1 Rh7 28. b3 Rd2 29. g3 Rf7 30. a4 Rb2 31. Nd1 Rb1 32. Kf1 c6 33. Rd3 h5 34. Re5 Nd5 35. Ke2 Rf3 36. Rd4 Rbxb3 37. Rxh5 Nf6 38. Re5 Ra3 39. Rb4 b5 40. Nb2 a5 41. Rd4 Rfb3 42. Nd3 Ra2+ 43. Ke3 Nd5+ 44. Ke4 Rxa4 45. Rxa4 bxa4 46. Kd4 a3 47. Re2 a2 48. Rxa2 Rxd3+ 49. Ke5 Rf3 50. Rxa5 Rxf2 51. Ra4 Nf6 52. Ra8+ Kf7 53. Rh8 c5 54. h3 gxh3 55. Rxh3 Re2+ 56. Kf4 c4 57. Rh1 c3 58. Rc1 c2 59. Kf3 Rh2 60. Ke3 Nd5+ 0-1

[Event "Romanian op"]
[Site "Alba Iulia"]
[Date "2016.03.22"]
[Round "8"]
[White "Miron, Ionel"]
[Black "Ognean, Mihnea Ionut"]
[Result "1-0"]
[WhiteElo "2077"]
[BlackElo "2143"]
[PlyCount "139"]
[EventDate "2016.03.16"]
[EventType "swiss"]
[EventRounds "9"]
[EventCountry "ROU"]
[SourceTitle "CBM 171 Extra"]
[Source "ChessBase"]
[SourceDate "2016.04.26"]
[SourceVersion "1"]
[SourceVersionDate "2016.04.26"]
[SourceQuality "1"]

1. d4 Nf6 2. Bg5 Ne4 3. Bf4 c5 4. f3 Nf6 5. d5 e6 6. Nc3 d6 7. dxe6 Bxe6 8. e4 a6 9. Qd2 Nc6 10. 0-0-0 Qb6 11. Nd5 Bxd5 12. exd5 Ne7 13. Bc4 Ng6 14. Nh3 Nxf4 15. Rhe1+ Be7 16. Nxf4 Qd8 17. g4 0-0 18. h4 Nd7 19. g5 Ne5 20. Be2 b5 21. Ng2 Re8 22. f4 Nd7 23. h5 Bf8 24. Bd3 Rxe1 25. Qxe1 Qe8 26. Qg3 g6 27. hxg6 hxg6 28. Re1 Qd8 29. f5 gxf5 30. Bxf5 Ne5 31. Nf4 Bg7 32. Nh5 Ng6 33. Bxg6 fxg6 34. Nxg7 Kxg7 35. Re6 b4 36. Rxd6 Qe7 37. Re6 Qf7 38. Qe5+ Kg8 39. Qf6 Qxf6 40. Rxf6 Kg7 41. Rc6 Re8 42. Rxc5 Re5 43. Rc7+ Kf8 44. d6 Rd5 45. Rc6 Kf7 46. Rxa6 Rxg5 47. c4 bxc3 48. bxc3 Ke6 49. Kc2 Rg2+ 50. Kd3 g5 51. c4 g4 52. c5 Rf2 53. Ra7 g3 54. Re7+ Kf6 55. Re2 Rf5 56. Kd4 Rf2 57. Ke3 Rf5 58. Kd4 Rf2 59. Re8 g2 60. Rg8 Rxa2 61. c6 Ra4+ 62. Kc5 Ra5+ 63. Kc4 Rg5 64. Rxg5 Kxg5 65. d7 g1Q 66. d8Q+ Kf5 67. Qd5+ Kf6 68. Qd4+ Qxd4+ 69. Kxd4 Ke7 70. Kc5 1-0

[Event "Radulescu Memorial 14th"]
[Site "Ramnicul Valcea"]
[Date "2014.02.01"]
[Round "5"]
[White "Bucur, Stefan"]
[Black "Miron, Ionel"]
[Result "1-0"]
[WhiteElo "2020"]
[BlackElo "2109"]
[PlyCount "73"]
[EventDate "2014.01.30"]
[EventType "swiss"]
[EventRounds "7"]
[EventCountry "ROU"]
[SourceTitle "EXT 2015"]
[Source "ChessBase"]
[SourceDate "2014.11.20"]
[SourceVersion "1"]
[SourceVersionDate "2014.11.20"]
[SourceQuality "1"]

1. d4 d5 2. Bf4 Nf6 3. e3 e6 4. Nd2 c5 5. c3 Nc6 6. Bd3 Be7 7. Ngf3 Nh5 8. Be5 cxd4 9. exd4 Qb6 10. Rb1 Nxe5 11. Nxe5 Nf4 12. Bf1 0-0 13. g3 Ng6 14. Nxg6 hxg6 15. Bd3 e5 16. dxe5 Bh3 17. Qf3 Qe6 18. Qe3 b6 19. Nf3 f6 20. Nd4 Qxe5 21. Kd2 Qxe3+ 22. Kxe3 f5 23. Rhe1 Rae8 24. f3 Bg5+ 25. Kf2 Bd2 26. Re2 Rxe2+ 27. Kxe2 Bg5 28. Re1 Bf6 29. Kf2 Kf7 30. Ne6 Rh8 31. Nf4 Be5 32. Nxd5 f4 33. Nxf4 Bxf4 34. gxf4 Be6 35. Bxg6+ Kf6 36. Kg2 Bxa2 37. Be4 1-0

[Event "Baile Felix Cup 27th"]
[Site "Baile Felix"]
[Date "2012.06.02"]
[Round "2"]
[White "Kaunz, Werner"]
[Black "Miron, Ionel"]
[Result "0-1"]
[WhiteElo "1899"]
[BlackElo "2168"]
[PlyCount "92"]
[EventDate "2012.06.01"]
[EventType "swiss"]
[EventRounds "7"]
[EventCountry "ROU"]
[SourceTitle "CBM 148 Extra"]
[Source "ChessBase"]
[SourceDate "2012.06.22"]
[SourceVersion "1"]
[SourceVersionDate "2012.06.22"]
[SourceQuality "1"]

1. e4 c5 2. c3 g6 3. d4 cxd4 4. Qxd4 Nf6 5. Nf3 Nc6 6. Qa4 Bg7 7. Bd3 0-0 8. 0-0 d6 9. h3 Nd7 10. Be3 Nc5 11. Qc2 Nxd3 12. Qxd3 Be6 13. Ng5 Bd7 14. Nf3 Qc7 15. Nbd2 Rad8 16. Nb3 a6 17. a4 Be6 18. Nbd2 h6 19. Rfe1 d5 20. Nd4 Nxd4 21. Bxd4 dxe4 22. Qxe4 Bxd4 23. cxd4 Rd7 24. Nf3 Bd5 25. Qe3 Bxf3 26. Qxf3 Qb6 27. Qc3 e6 28. Rad1 Rd5 29. Re5 Rfd8 30. Rxd5 Rxd5 31. Rd3 Qd8 32. f4 Qd6 33. g3 Qd7 34. b3 e5 35. fxe5 Qxh3 36. Qc4 Qd7 37. Kg2 b5 38. axb5 axb5 39. Qc3 h5 40. Rd2 Qg4 41. Qf3 Rxd4 42. Rxd4 Qxd4 43. Qf6 Qb2+ 44. Kf3 Qxb3+ 45. Kf4 Qc4+ 46. Kg5 Kh7 0-1

[Event "Arad op-A"]
[Site "Arad"]
[Date "2011.08.06"]
[Round "2"]
[White "Miron, Ionel"]
[Black "Manolache, Marius"]
[Result "0-1"]
[WhiteElo "2118"]
[BlackElo "2533"]
[PlyCount "122"]
[EventDate "2011.08.05"]
[EventType "swiss"]
[EventRounds "9"]
[EventCountry "ROU"]
[SourceTitle "CBM 143 Extra"]
[Source "ChessBase"]
[SourceDate "2011.08.29"]
[SourceVersion "1"]
[SourceVersionDate "2011.08.29"]
[SourceQuality "1"]

1. d4 d6 2. c4 g6 3. Nc3 Bg7 4. e4 c6 5. f4 Nf6 6. Nf3 Bg4 7. Be2 0-0 8. 0-0 Nbd7 9. e5 Ne8 10. h3 Bxf3 11. Bxf3 c5 12. Bxb7 Rb8 13. Bc6 Nb6 14. dxc5 Nxc4 15. Bb5 Qa5 16. cxd6 exd6 17. Qa4 Qxa4 18. Bxa4 dxe5 19. b3 exf4 20. Bxf4 Rd8 21. Rad1 Rxd1 22. Nxd1 Bd4+ 23. Kh1 Nb6 24. Bc6 Ng7 25. a4 Rc8 26. Bb7 Rd8 27. a5 Nd5 28. Bg5 Rd7 29. Bc6 Rd6 30. Bb5 h6 31. Bc1 Nf5 32. Re1 Nc3 33. Bc4 Be5 34. Nxc3 Bxc3 35. Re8+ Kg7 36. Bf4 Rd1+ 37. Kh2 g5 38. Be5+ Bxe5+ 39. Rxe5 Kf6 40. Re2 h5 41. g4 hxg4 42. hxg4 Nd6 43. Rf2+ Kg6 44. Rc2 f5 45. Be2 Rd4 46. gxf5+ Kxf5 47. Kg2 Kf4 48. Rc7 Rd2 49. Kf1 Ne4 50. Rf7+ Ke3 51. Bg4 Ra2 52. b4 Rb2 53. Rxa7 Nd2+ 54. Kg2 Kf4 55. Be2 Ne4 56. Rf7+ Ke3 57. a6 Rxe2+ 58. Kh3 Ra2 59. a7 Nd6 60. Rg7 Kf4 61. Rd7 g4+ 0-1

[Event "Baile Felix Cup 26th"]
[Site "Baile Felix"]
[Date "2011.05.23"]
[Round "6"]
[White "Miron, Ionel"]
[Black "Mitrica, Octavian"]
[Result "1-0"]
[WhiteElo "2145"]
[BlackElo "2010"]
[PlyCount "79"]
[EventDate "2011.05.20"]
[EventType "swiss"]
[EventRounds "7"]
[EventCountry "ROU"]
[SourceTitle "CBM 142 Extra"]
[Source "ChessBase"]
[SourceDate "2011.06.27"]
[SourceVersion "1"]
[SourceVersionDate "2011.06.27"]
[SourceQuality "1"]

1. d4 Nf6 2. c4 g6 3. Nc3 Bg7 4. e4 d6 5. f4 0-0 6. Nf3 Nbd7 7. Be2 c6 8. 0-0 e5 9. Kh1 Qc7 10. c5 exd4 11. cxd6 Qb6 12. Na4 Qd8 13. Qxd4 Nd5 14. Qd1 N5f6 15. e5 Nd5 16. Nc3 N7b6 17. a4 a5 18. Ne4 Bf5 19. Nc5 Rb8 20. Nd4 Bc8 21. Bd2 Nd7 22. Ncb3 Nxe5 23. fxe5 Bxe5 24. Bxa5 Qxd6 25. Nf3 Bxb2 26. Ra2 Bf6 27. Bb6 Re8 28. Bd4 Nc3 29. Bxc3 Qxd1 30. Bxd1 Bxc3 31. Nbd4 Rd8 32. Ne2 Bg7 33. Bb3 Bf6 34. Nd2 Bf5 35. Ng3 Rd3 36. Nxf5 gxf5 37. Rxf5 Kg7 38. Bc4 Rd4 39. Be2 Re8 40. Nf1 1-0

[Event "Tirgu Mures Cup III-A "]
[Site "Tirgu Mures"]
[Date "2008.02.03"]
[Round "3"]
[White "Ordog, Robert"]
[Black "Miron, Ionel"]
[Result "0-1"]
[WhiteElo "1906"]
[BlackElo "2021"]
[PlyCount "66"]
[EventDate "2008.02.02"]
[EventType "swiss"]
[EventRounds "7"]
[EventCountry "ROU"]
[SourceTitle "EXT 2010"]
[Source "ChessBase"]
[SourceDate "2010.11.25"]
[SourceVersion "1"]
[SourceVersionDate "2010.11.25"]
[SourceQuality "1"]

1. e4 c6 2. Nf3 d5 3. exd5 cxd5 4. Ne5 Nf6 5. d4 e6 6. Bg5 Be7 7. Nd2 Qb6 8. Nb3 a5 9. a4 0-0 10. Bd3 Nc6 11. 0-0 h6 12. Bh4 Qc7 13. f4 Nb4 14. Rf3 Nxd3 15. cxd3 Qd6 16. Rg3 Kh7 17. Rc1 Bd7 18. Nc5 Bc6 19. Qf3 Rac8 20. f5 b6 21. Bxf6 Bxf6 22. Nb3 Bxe5 23. dxe5 Qxe5 24. Qf2 Bxa4 25. Re1 Qxf5 26. Qd4 Qf6 27. Qxa4 Qxb2 28. Nd4 Rc1 29. Rxc1 Qxc1+ 30. Kf2 Qf4+ 31. Ke2 e5 32. Qa3 Rc8 33. Qd6 Qxd4 0-1